Financial Law Reporter

Bibliographic Details
Format: Journal
Language:English
Published: Lahore : Plus Media Solutions Private, 2011-
Subjects:
Online Access:http://www.vlex.com/source/6539

MARC

LEADER 00000nas a22000007a 4500
005 20130503155922.0
007 cr|||| ||||
008 130503e2011 pk u|p s|||| 0|||a1eng d
035 |a 6539 
040 |a vLex 
090 |c 4280  |d 4280 
245 0 0 |a Financial Law Reporter  |h [Recurso electrn̤ico] 
256 |a Servicio en ln̕ea 
260 |a Lahore :  |b Plus Media Solutions Private,   |c 2011- 
300 |a 1 Recurso electrn̤ico 
506 |d vLex Global  |d vLex Global (Academic Edition, excluding Law Schools)  |d vLex Global (U.S. Academic Edition, Law Schools)  |d vLex Global (U.S. Academic Edition, excluding Law Schools)  |d vLex Global (Academic Edition, Law Schools) 
650 0 4 |a Derecho mercantil  |v Revistas 
650 0 4 |a Economa̕   |v Revistas 
650 0 4 |a Derecho tributario  |v Revistas 
740 |a vLex Revistas (Servicio en ln̕ea) 
856 |a Acceso restringido  |u http://www.vlex.com/source/6539 
942 |c REV 
999 0 |a Commercial law